000 01097cab a2200277 4500
001 ABS59951
008 090401t1998 xxu||||| |||| 00| 0 eng d
035 _a(Sirsi) u90862
041 _aeng
245 _aSEPA pushes for tighter controls on land spreading of wastes
260 _c1998
350 _a0
490 _aENDS Report
_v(286) November 1998, 36-37(2)
520 _aThe Scottish Environment Protection Agency has called for new controls on the spreading of organic waste on farmland. The recommendations cover all organic wastes, including agricultural and industrial waste and sewage sludge, and would require landowners to produce management plans. Details of the proposals can be found on SEPA`s web site at http://www.sepa.org.uk/pressrel/sepapr3998.htm
650 _aAGRICULTURAL WASTE
650 _aFARMLAND
650 _aINDUSTRIAL WASTE
650 _aORGANIC WASTE
650 _aSEPA
650 _aSEWAGE SLUDGE
650 _aWASTE DISPOSAL
650 _aWASTE MANAGEMENT
690 _aENVIRONMENTAL AND LAND CONSULTANCY
942 _n0
948 _c22/01/1999
999 _c57639
_d57639